书目信息 |
| 题名: |
台湾慰安妇
|
|
| 作者: | 朱德兰 著 | |
| 分册: | ||
| 出版信息: | 北京 社会科学文献出版社 2012.04 |
|
| 页数: | 406页 | |
| 开本: | 23cm | |
| 丛书名: | ||
| 单 册: | ||
| 中图分类: | K313.46 | |
| 科图分类: | ||
| 主题词: | 军国主义--性犯罪--研究--日本 , 军国主义 , 性犯罪 | |
| 电子资源: | ||
| ISBN: | 978-7-5097-2719-5 | |
| 000 | 00983nam0 2200277 450 | |
| 001 | 010050033204 | |
| 005 | 20120619160900.43 | |
| 010 | @a978-7-5097-2719-5@dCNY59.00 | |
| 100 | @a20120414d2012 em y0chiy50 ea | |
| 101 | 0 | @achi |
| 102 | @aCN@b110000 | |
| 105 | @aak z 000yy | |
| 106 | @ar | |
| 200 | 1 | @a台湾慰安妇@9tai wan wei an fu@dStudies on Taiwan comfort women@f朱德兰著@zeng |
| 210 | @a北京@c社会科学文献出版社@d2012.04 | |
| 215 | @a406页@c图@d23cm | |
| 330 | @a在本书中,作者借用历史学和社会学的研究方法,对台湾“慰安妇”苦难遭遇,进行了细致的调查,对日本殖民政府在台湾的专制统治,设置日军“慰安所”的过程、实况,以及与岛内外“慰安所”诸多关系等,做实证性的分析。 | |
| 510 | 1 | @aStudies on Taiwan comfort women@zeng |
| 606 | 0 | @a军国主义@x性犯罪@x研究@y日本 |
| 606 | 0 | @a军国主义 |
| 606 | 0 | @a性犯罪 |
| 610 | 0 | @a慰安妇 |
| 690 | @aK313.46@v5 | |
| 701 | 0 | @a朱德兰@9zhu de lan@4著 |
| 801 | 0 | @aCN@bRENTIAN@c20120414 |
| 905 | @b540119-23@dK313.46@e49@f5 | |
| 台湾慰安妇=Studies on Taiwan comfort women/朱德兰著.-北京:社会科学文献出版社,2012.04 |
| 406页:图;23cm |
| ISBN 978-7-5097-2719-5:CNY59.00 |
| 在本书中,作者借用历史学和社会学的研究方法,对台湾“慰安妇”苦难遭遇,进行了细致的调查,对日本殖民政府在台湾的专制统治,设置日军“慰安所”的过程、实况,以及与岛内外“慰安所”诸多关系等,做实证性的分析。 |
| ● |
| 相关链接 |
|
|
|
|
正题名:台湾慰安妇
索取号:K313.46/49
 
预约/预借
| 序号 | 登录号 | 条形码 | 馆藏地/架位号 | 状态 | 备注 |
| 1 | 540119 | 205401199 | 第二样本阅览室/ [索取号:K313.46/49] | 在馆 | |
| 2 | 540120 | 205401206 | 史法系资料室/ [索取号:K313.46/49] | 在馆 | |
| 3 | 540121 | 205401215 | 第二借阅区/ [索取号:K313.46/49] | 在馆 | |
| 4 | 540122 | 205401224 | 第二借阅区/ [索取号:K313.46/49] | 在馆 | |
| 5 | 540123 | 205401233 | 第二借阅区/ [索取号:K313.46/49] | 在馆 |